[Event "FICGS class C 000062 email"]
[Site "FICGS email"]
[Date "2007.10.16"]
[Round "1"]
[White "Droualliere, Philippe"]
[Black "Konig, Paul"]
[Result "1-0"]
[WhiteElo "1700"]
[BlackElo "1684"]
[PlyCount "63"]
[EventDate "2007.??.??"]
[EventType "tourn (corr)"]
[EventRounds "4"]
[SourceTitle "Corr 2022"]
[Source "ChessBase"]
[SourceDate "2021.10.24"]
[SourceVersion "1"]
[SourceVersionDate "2021.10.24"]
[SourceQuality "1"]

1. d4 Nf6 2. c4 g6 3. Nc3 d5 4. cxd5 Nxd5 5. e4 Nxc3 6. bxc3 Bg7 7. Nf3 0-0 8. Be2 c5 9. 0-0 cxd4 10. cxd4 Nc6 11. Be3 Bg4 12. d5 Ne5 13. Nxe5 Bxe2 14. Qxe2 Bxe5 15. Rab1 b6 16. Rbc1 Qd7 17. Rc6 Bd6 18. Rfc1 Rfc8 19. g3 Rc7 20. Rxc7 Bxc7 21. Qa6 Bd8 22. Bf4 e6 23. dxe6 fxe6 24. h4 Kg7 25. Be5+ Kg8 26. Kg2 Kf7 27. h5 gxh5 28. Qe2 h4 29. Qh5+ Kg8 30. Qg4+ Kf8 31. Rc3 Qb5 32. Rf3+ 1-0

[Event "FICGS class D 000062 email"]
[Site "FICGS email"]
[Date "2007.10.12"]
[Round "1"]
[White "De Waele, Willy"]
[Black "Droualliere, Philippe"]
[Result "0-1"]
[WhiteElo "1445"]
[BlackElo "1700"]
[PlyCount "92"]
[EventDate "2007.??.??"]
[EventType "tourn (corr)"]
[EventRounds "6"]
[SourceTitle "Corr 2022"]
[Source "ChessBase"]
[SourceDate "2021.10.24"]
[SourceVersion "1"]
[SourceVersionDate "2021.10.24"]
[SourceQuality "1"]

1. e4 c5 2. Nf3 Nc6 3. d4 cxd4 4. Nxd4 Nf6 5. Nc3 e5 6. Ndb5 d6 7. Bg5 a6 8. Na3 b5 9. Bxf6 gxf6 10. Nd5 f5 11. Bd3 Be6 12. 0-0 Bxd5 13. exd5 Ne7 14. c3 Bg7 15. Qh5 e4 16. Be2 Qc8 17. Rfd1 Qc5 18. Rac1 0-0 19. b4 Qa7 20. Qh3 Qb6 21. c4 Bd4 22. Rf1 Rfc8 23. Rb1 Kg7 24. Qh5 h6 25. Rb3 f4 26. Rh3 Rh8 27. Nc2 Bf6 28. Re1 Bg5 29. Bf1 f5 30. g4 Ng8 31. gxf5 Nf6 32. Qd1 Rhg8 33. cxb5 Kh7 34. Qd4 Qc7 35. Rxe4 Nxe4 36. Qxe4 Rae8 37. Qd3 Bf6+ 38. Rg3 fxg3 39. hxg3 axb5 40. Nd4 Ra8 41. a3 Bxd4 42. f6+ Kh8 43. Qxd4 Qa7 44. Qxa7 Rxa7 45. Bxb5 Rxa3 46. f7 Rc8 0-1

[Event "FICGS rapid B 000071 email"]
[Site "FICGS email"]
[Date "2007.10.12"]
[Round "1"]
[White "Droualliere, Philippe"]
[Black "Behrmann, Klaus"]
[Result "1-0"]
[WhiteElo "1700"]
[BlackElo "1671"]
[PlyCount "43"]
[EventDate "2007.??.??"]
[EventType "tourn (rapid)"]
[EventRounds "6"]
[SourceTitle "Corr 2022"]
[Source "ChessBase"]
[SourceDate "2021.10.24"]
[SourceVersion "1"]
[SourceVersionDate "2021.10.24"]
[SourceQuality "1"]

1. d4 f5 2. g3 Nf6 3. Bg2 e6 4. Nf3 Be7 5. c4 0-0 6. 0-0 d5 7. Nc3 dxc4 8. Qa4 Nc6 9. Qxc4 Nd5 10. Rd1 f4 11. Qb3 fxg3 12. hxg3 a5 13. a4 Ra6 14. e4 Nxc3 15. bxc3 Qe8 16. d5 exd5 17. exd5 Qf7 18. Qa2 Nd8 19. Ne5 Qh5 20. d6+ Ne6 21. g4 Qxe5 22. dxe7 1-0

[Event "FICGS class D 000062 email"]
[Site "FICGS email"]
[Date "2007.10.12"]
[Round "1"]
[White "Droualliere, Philippe"]
[Black "Kolawski, Christof"]
[Result "1/2-1/2"]
[WhiteElo "1700"]
[BlackElo "1572"]
[PlyCount "49"]
[EventDate "2007.??.??"]
[EventType "tourn (corr)"]
[EventRounds "6"]
[SourceTitle "Corr 2022"]
[Source "ChessBase"]
[SourceDate "2021.10.24"]
[SourceVersion "1"]
[SourceVersionDate "2021.10.24"]
[SourceQuality "1"]

1. c4 c6 2. Nf3 d5 3. g3 Nf6 4. b3 Bf5 5. Bg2 e6 6. Bb2 Nbd7 7. 0-0 h6 8. Nc3 Bd6 9. d3 0-0 10. e4 Bg4 11. exd5 exd5 12. cxd5 Nxd5 13. Nxd5 cxd5 14. Rc1 Re8 15. Qd2 Qb6 16. Rfe1 Rac8 17. Bd4 Qa6 18. Rxe8+ Rxe8 19. a4 Ba3 20. Re1 Rc8 21. Ne5 Nxe5 22. Bxe5 Be6 23. Bd4 Qd6 24. Qe3 b6 25. Bf3 1/2-1/2

[Event "FICGS rapid B 000071 email"]
[Site "FICGS email"]
[Date "2007.10.12"]
[Round "1"]
[White "Droualliere, Philippe"]
[Black "Lemay, Simon"]
[Result "1-0"]
[WhiteElo "1700"]
[BlackElo "1600"]
[PlyCount "47"]
[EventDate "2007.??.??"]
[EventType "tourn (rapid)"]
[EventRounds "6"]
[SourceTitle "Corr 2022"]
[Source "ChessBase"]
[SourceDate "2021.10.24"]
[SourceVersion "1"]
[SourceVersionDate "2021.10.24"]
[SourceQuality "1"]

1. c4 g6 2. Nf3 Bg7 3. Nc3 Nf6 4. g3 c5 5. Bg2 0-0 6. d4 cxd4 7. Nxd4 Nc6 8. 0-0 d6 9. Nxc6 bxc6 10. Bxc6 Bh3 11. Bxa8 Qxa8 12. f3 Ng4 13. Re1 Rc8 14. Nd5 Ne5 15. Nxe7+ Kh8 16. Nxc8 Qxc8 17. Qxd6 Qa8 18. Bh6 Nxf3+ 19. exf3 Bxh6 20. Qf6+ Kg8 21. Rad1 Qb7 22. Rd8+ Bf8 23. Rxf8+ Kxf8 24. Qh8# 1-0

[Event "FICGS class D 000062 email"]
[Site "FICGS email"]
[Date "2007.10.12"]
[Round "1"]
[White "Droualliere, Philippe"]
[Black "Natal, Marcos"]
[Result "1-0"]
[WhiteElo "1700"]
[BlackElo "1800"]
[PlyCount "59"]
[EventDate "2007.??.??"]
[EventType "tourn (corr)"]
[EventRounds "6"]
[SourceTitle "Corr 2022"]
[Source "ChessBase"]
[SourceDate "2021.10.24"]
[SourceVersion "1"]
[SourceVersionDate "2021.10.24"]
[SourceQuality "1"]

1. c4 Nf6 2. Nf3 c6 3. d4 d5 4. e3 Bg4 5. Nc3 e6 6. h3 Bxf3 7. Qxf3 Be7 8. Bd3 0-0 9. 0-0 Nbd7 10. b3 h6 11. Bd2 e5 12. cxd5 cxd5 13. Nxd5 Rb8 14. Rfd1 exd4 15. Nxe7+ Qxe7 16. exd4 Nb6 17. Re1 Qd7 18. Bxh6 Qxd4 19. Bf4 Rbd8 20. Rad1 Qb4 21. Bg5 Nbd7 22. Bf5 Nc5 23. Bxf6 Rxd1 24. Rxd1 gxf6 25. Qh5 Re8 26. Qh6 Re1+ 27. Kh2 Qf4+ 28. Qxf4 Rxd1 29. Qg4+ Kf8 30. Qxd1 1-0

[Event "FICGS theme 0000 email"]
[Site "FICGS email"]
[Date "2007.10.12"]
[Round "1"]
[White "Orden, Jorge"]
[Black "Droualliere, Philippe"]
[Result "0-1"]
[WhiteElo "1221"]
[BlackElo "1700"]
[PlyCount "56"]
[EventDate "2007.??.??"]
[EventType "swiss (corr)"]
[EventRounds "1"]
[SourceTitle "Corr 2022"]
[Source "ChessBase"]
[SourceDate "2021.10.24"]
[SourceVersion "1"]
[SourceVersionDate "2021.10.24"]
[SourceQuality "1"]

1. e4 e6 2. Nf3 d5 3. exd5 exd5 4. d4 Nf6 5. Be2 Bd6 6. 0-0 Nc6 7. h3 Bf5 8. c4 dxc4 9. Bxc4 0-0 10. Nc3 Na5 11. Bd3 Bxd3 12. Qxd3 h6 13. Re1 Qd7 14. Be3 Rfe8 15. Nd2 Rad8 16. Nc4 Nxc4 17. Qxc4 c6 18. a4 a5 19. Rad1 Qf5 20. Ne2 Bb4 21. Ng3 Qg6 22. Re2 Bd6 23. Qd3 Bxg3 24. Qxg6 Bxf2+ 25. Kxf2 fxg6 26. Rb1 Re6 27. b4 Ne4+ 28. Kg1 Nc3 0-1

[Event "FICGS rapid B 000071 email"]
[Site "FICGS email"]
[Date "2007.10.12"]
[Round "1"]
[White "Vazovski, Sergey"]
[Black "Droualliere, Philippe"]
[Result "1-0"]
[WhiteElo "1746"]
[BlackElo "1700"]
[PlyCount "67"]
[EventDate "2007.??.??"]
[EventType "tourn (rapid)"]
[EventRounds "6"]
[SourceTitle "Corr 2022"]
[Source "ChessBase"]
[SourceDate "2021.10.24"]
[SourceVersion "1"]
[SourceVersionDate "2021.10.24"]
[SourceQuality "1"]

1. d4 Nf6 2. c4 g6 3. Nc3 Bg7 4. e4 d6 5. Nf3 0-0 6. Be2 Bg4 7. Be3 Nfd7 8. Ng1 Bxe2 9. Ngxe2 c5 10. 0-0 cxd4 11. Nxd4 Nc6 12. b3 Re8 13. Rc1 Nc5 14. f3 Rc8 15. Nxc6 bxc6 16. b4 Nd7 17. Bd4 Bxd4+ 18. Qxd4 c5 19. bxc5 Rxc5 20. f4 Qc8 21. Nd5 Ra5 22. Rc2 e6 23. Ne3 Qc5 24. Qxc5 Nxc5 25. e5 dxe5 26. Ng4 Rd8 27. Nxe5 Ra3 28. Rb1 f6 29. Nf3 a6 30. Nd2 Nd3 31. g3 a5 32. Ne4 Rd4 33. Rb8+ Kg7 34. Rb7+ 1-0